Marocains célèbres par images - Statistiques

Statistiques générales
  • Ce quiz a été pris 2 136 fois
    848 depuis la dernière actualisation
  • Le résultat moyen est 9 sur 16
Statistiques - réponses
Par images Réponse % Correct
Achraf Hakimi
96%
Mohammed VI
96%
Mohammed V
95%
Gad Elmaleh
87%
Hassan II
87%
Jamel Debbouze
86%
La Fouine
74%
Arthur
58%
Booder
56%
French Montana
48%
RedOne
30%
Hicham El Guerrouj
28%
Najat Vallaud-Belkacem
28%
Larbi BenBarek
19%
Tahar Ben Jelloun
12%
Mohamed Choukri
3%
Aucun quiz correspondant
Distribution des résultats
% des personnes avec chaque résultat
Percentile par nombre de réponses
Votre historique - résultats
Vous n’avez pas pris ce quiz depuis la dernière actualisation